000 00910cab a2200253 4500
001 WB3430-33
008 090401t1998 xxu||||| |||| 00| 0 eng d
035 _a(Sirsi) u87898
041 _aeng
245 _aFair rent reform
260 _c1998
350 _a0
490 _aWestern Morning News
_v5 August 1998, 2.6(1)
520 _aGovernment is to review the the basis of assessment of rents under the Fair Rent system for properties held under the Rent (Agriculture) Act 1976 or the Rent Act 1977.
650 _aFAIR RENTS
650 _aRENT (AGRICULTURE) ACT 1976
650 _aRENT ACT 1977
650 _aRENT ASSESSMENTS
650 _aRESIDENTIAL RENTS
650 _aPROPERTY-RESIDENTIAL PROPERTY-RESIDENTIAL LANDLORD AND TENANT-RESIDENTIAL TENANCIES
690 _aPROPERTY-RESIDENTIAL PROPERTY-RESIDENTIAL LANDLORD AND TENANT-RESIDENTIAL TENANCIES
942 _n0
948 _c07/08/1998
999 _c55476
_d55476